000 00832ngm a2200301 a 4500
003 BLK
005 20240530113659.0
007 m| caa|akaadaaaac
008 180410b bul||n||s|||||||| n|bulo|
010 _aCDD00002795000
040 _aBLK
041 _aBUL
_cBUL
080 _aДокументални филми
_b791.229
_z791.229
139 _aФБР [видео DVD]
_bФ 29
245 1 0 _aФБР [видео DVD]
257 _aBGR
260 _c2007
300 _a50 мин.
_bцв.
_c12 см
380 _a7
490 _aВеликите шпионски истории
_v3
590 _aS.N: 80249 от КНИГИ
852 _aЦб CD 4837
_p0
856 4 _qpdf
_u
856 4 _qpdf
_u
942 _cCDD
_n0
_s1
944 _aCR
_c27.12.2007
_k30570
_lМоника Янева
944 _aED
_c29.06.2011
999 _c220334
_d220334